Systém práva duševného vlastníctva v kontexte rekodifikácie súkromného práva
Systémové zaradenie oblasti duševného vlastníctva do súkromného práva v kontexte rekodifikácie súkromného práva v Slovenskej republike.
Saved in:
| Main Author: | |
|---|---|
| Format: | Book Chapter |
| Language: | Slovak |
| Subjects: | |
| Tags: |
No Tags, Be the first to tag this record!
|
MARC
| LEADER | 00000naa$a2200000$$$4500 | ||
|---|---|---|---|
| 001 | 0115079 | ||
| 005 | 20231102092627.2 | ||
| 041 | 0 | |a slo | |
| 044 | |a SK | ||
| 245 | 1 | 0 | |a Systém práva duševného vlastníctva v kontexte rekodifikácie súkromného práva |c Anton Škreko |
| 520 | |a Systémové zaradenie oblasti duševného vlastníctva do súkromného práva v kontexte rekodifikácie súkromného práva v Slovenskej republike. | ||
| 610 | 2 | 0 | |a vlastníctvo duševné |
| 610 | 2 | 0 | |a právo súkromné medzinárodné |
| 610 | 2 | 0 | |a Slovensko |
| 610 | 2 | 0 | |a vzťahy občianskoprávne |
| 610 | 2 | 0 | |a zákonník občiansky |
| 610 | 2 | 0 | |a práva majetkové |
| 100 | 1 | |a Škreko, Anton | |